00333nam a22001097a 4500008004100000020001500041082001600056245005300072260004400125300001000169710004400179230605b xxu||||| |||| 00| 0 eng d a9966221786 a327.17bOKO aConflict In Contemporary AfricacP. Godfrey Okoh aNairobibJomo Kenyatta Foundationc2000 a268 p bJomo Kenyatta FoundationcNairobid2000